000 00207 a2200097 4500
020 _a0618065644
041 _aeng
100 _aMagret y Hareys
245 _aCurious George goes to a costume Party
942 _cK
999 _c27790
_d27790